Library Banner

Asool e dawat deen/ (Record no. 102117)

MARC details
000 -LEADER
fixed length control field 00408nam a22001457a 4500
005 - DATE AND TIME OF LATEST TRANSACTION
control field 20180124144352.0
008 - FIXED-LENGTH DATA ELEMENTS--GENERAL INFORMATION
fixed length control field 180124b xxu||||| |||| 00| 0 eng d
040 ## - CATALOGING SOURCE
Transcribing agency PK-LaUMT
082 ## - DEWEY DECIMAL CLASSIFICATION NUMBER
Classification number PKAC 297.74
Item number ABD-A
100 ## - MAIN ENTRY--PERSONAL NAME
Personal name Abdul Karim Zaidan
245 ## - TITLE STATEMENT
Title Asool e dawat deen/
Statement of responsibility, etc Abdul Karim Zaidan
260 ## - PUBLICATION, DISTRIBUTION, ETC. (IMPRINT)
Place of publication, distribution, etc اسلام آباد:
Name of publisher, distributor, etc ادارہ تحقیقات اسلامی،
300 ## - PHYSICAL DESCRIPTION
Extent 210
942 ## - ADDED ENTRY ELEMENTS (KOHA)
Koha item type Books
Holdings
Withdrawn status Lost status Damaged status Home library Current library Date acquired Full call number Barcode Date last seen Price effective from Koha item type
      UMT Main Campus UMT Main Campus 2018-01-24 PKAC 297.74 ABD-A 118052 2018-01-24 2018-01-24 Books